Emerging good practices : a documentation of the experiences and learning of Save the Children UK's programme for abused and exploited children / (Record no. 335247)
[ view plain ]
| 000 -LEADER | |
|---|---|
| fixed length control field | 01391nam a22002417a 4500 |
| 005 - DATE AND TIME OF LATEST TRANSACTION | |
| control field | 20170623153454.0 |
| 008 - FIXED-LENGTH DATA ELEMENTS--GENERAL INFORMATION | |
| fixed length control field | 170623b xxu||||| |||| 00| 0 eng d |
| 020 ## - INTERNATIONAL STANDARD BOOK NUMBER | |
| International Standard Book Number | 9717420874 |
| 050 ## - LIBRARY OF CONGRESS CALL NUMBER | |
| Classification number | HV 1307 .P53 Y13 2003 |
| 082 ## - DEWEY DECIMAL CLASSIFICATION NUMBER | |
| Classification number | 362.7609599 |
| 110 ## - MAIN ENTRY--CORPORATE NAME | |
| Corporate name or jurisdiction name as entry element | Psychosocial Trauma & Human Rights Program Center for Integrative & Development Studies University of the Philippines and Save the Children (UK) Philippines |
| 245 ## - TITLE STATEMENT | |
| Title | Emerging good practices : a documentation of the experiences and learning of Save the Children UK's programme for abused and exploited children / |
| Statement of responsibility, etc | Psychosocial Trauma and Human Rights Program Center for Integrative & Development Studies University of the Philippines and Save the Children (UK) Philippines. |
| 260 ## - PUBLICATION, DISTRIBUTION, ETC. (IMPRINT) | |
| Place of publication, distribution, etc | Quezon City : |
| Name of publisher, distributor, etc | SC (UK) Philippines and UP CIDS PST, |
| Date of publication, distribution, etc | 2003 |
| 300 ## - PHYSICAL DESCRIPTION | |
| Extent | 167 p. : |
| Other physical details | illustrations ; |
| Dimensions | 22 cm. |
| 500 ## - GENERAL NOTE | |
| General note | Includes bibliographical references. |
| 650 ## - SUBJECT ADDED ENTRY--TOPICAL TERM | |
| Source of heading or term | Library of Congress Subject Headings |
| Topical term or geographic name as entry element | Children |
| General subdivision | Institutional care |
| Geographic subdivision | Philippines |
| 650 ## - SUBJECT ADDED ENTRY--TOPICAL TERM | |
| Source of heading or term | Library of Congress Subject Headings |
| Topical term or geographic name as entry element | Child sexual abuse |
| Geographic subdivision | Philippines |
| 650 ## - SUBJECT ADDED ENTRY--TOPICAL TERM | |
| Source of heading or term | Library of Congress Subject Headings |
| Topical term or geographic name as entry element | Children's rights |
| 650 ## - SUBJECT ADDED ENTRY--TOPICAL TERM | |
| Source of heading or term | Library of Congress Subject Headings |
| Topical term or geographic name as entry element | Child welfare |
| Geographic subdivision | Philippines |
| 650 ## - SUBJECT ADDED ENTRY--TOPICAL TERM | |
| Source of heading or term | Library of Congres Subject Headings |
| Topical term or geographic name as entry element | Children |
| General subdivision | Law and legislation |
| Geographic subdivision | Philippines |
| 942 ## - ADDED ENTRY ELEMENTS (KOHA) | |
| Source of classification or shelving scheme | Library of Congress Classification |
| Item type | Books |
| Withdrawn status | Lost status | Source of classification or shelving scheme | Damaged status | Home library | Current library | Shelving location | Date acquired | Total Checkouts | Full call number | Barcode | Date last seen | Copy number | Price effective from | Koha item type |
|---|---|---|---|---|---|---|---|---|---|---|---|---|---|---|
| Library of Congress Classification | Luxembourg Library | Luxembourg Library | Filipiniana Section | 06/23/2017 | HV 1307 .P53 Y13 2003 | 20449 | 06/23/2017 | 1 | 06/23/2017 | Books | ||||
| Library of Congress Classification | Luxembourg Library | Luxembourg Library | International Baccalaureate Section | 06/23/2017 | HV 1307 .P53 Y13 2003 | IB0249 | 06/23/2017 | 2 | 06/23/2017 | Books |